Taisteluita #1 - Statistics

Yleistilastot
  • Tätä visaa on pelattu 34 kertaa
  • Keskiarvotulos 5 / 20
Vastaustilastot
Vihje Vuosi Vastaus % Oikein
Suomen sisällissodan suurin taistelu 1918 {Tampereen} taistelu
74%
Toisen maailmasodan taistelu, jossa Saksan sotaonni kääntyi 1942-1943 {Stalingradin} taistelu
68%
Napoleonin sotien viimeinen ja ratkaiseva taistelu 1815 {Waterloon} taistelu
68%
Pohjoismaiden historian suurin taistelu 1944 {Talin-Ihantalan} taistelu
55%
Ensimmäinen taistelu, jossa panssarivaunuja käytettiinsuuressa mittakaavassa 1916 {Sommen} taistelu
39%
Taistelu, jota pidetään Yhdysvaltain sisällissodankäännekohtana 1863 {Gettysburgin} taistelu
35%
Dardanelleilla käyty Ensimmäisen maailmansodan suuri taistelu,jossa Osmanit löivät Ympärysvallat 1915-1916 {Gallipolin} taistelu
26%
Intiaanisotien merkittävä taistelu, jossa Intiaanit murskasivatYhdysvaltojen ratsuväen 1876 {Little Bighornin} taistelu
23%
Suuren Pohjan sodan ensimmäinen suuri taistelu 1700 {Narvan} taistelu
23%
Suuri Meritaistelu, jossa Britannia löi Ranskalais-Espanjalaisenlaivaston 1805 {Trafalgarin} taistelu
19%
Filippiineillä käyty Toisen maailmansodan suurin meritaistelu 1944 {Leytenlahden} taistelu
16%
Suuri kolmikymmenvuotisen sodan taistelu, jossa Kustaa II Aadolf kaatui 1632 {Lützenin} taistelu
16%
Venäjä-Japanin sodan ratkaiseva meritaistelu 1905 {Tsushiman} meritaistelu
13%
Aleksanteri Suuri kukisti Persian Dareios III:n armeijan 331 eaa. {Gaugamelan} taistelu
6%
Tätä meritaistelua pidetään Persialaissotien ratkaisevanataisteluna 480 eaa. {Salamiin} taistelu
6%
Kuuden päivän sodan kiivain taistelu 1967 {Asevaraston kukkulan} taistelu
3%
Krimin sodan taistelu, jonka seurauksena Iso-Britanniaja Ranska liittyivät sotaan 1853 {Sinopen} taistelu
3%
Ruusujen sodan suuri taistelu, pidetään yhtenä Englanninverisimmistä taisteluista 1461 {Towtonin} taistelu
3%
Toisen Puunilaissodan viimeinen ja ratkaiseva taistelu 202 eaa. {Zaman} taistelu
3%
Saksan-Ranskan sodan ratkaisutaistelu 1870 {Sedanin} taistelu
0%
Ehtoja vastaavia visoja ei löytynyt
Tulosjakauma
Jokaisen tuloksen saaneiden osuus
Persentiili vastausten määrän mukaan
Tuloshistoriasi
Et ole pelannut tätä visaa